| 000 | 00364nam a22001577a 4500 | ||
|---|---|---|---|
| 003 | macl | ||
| 005 | 20250405132607.0 | ||
| 008 | 250405b |||||||| |||| 00| 0 eng d | ||
| 040 | _cmacl | ||
| 082 | _a510 | ||
| 100 |
_aAditya Ranjan _983100 |
||
| 245 | _aComplet Maths Formula Book | ||
| 260 |
_bAditya Ranjan _c2025 |
||
| 650 | _aMaths | ||
| 942 |
_2ddc _cC. BOOKS |
||
| 999 |
_c67879 _d67879 |
||